01395nam a2200409 i 450000100060000000300090000600500170001500800390003202000180007104000280008904600090011708000100012608000100013608000120014610000270015824500860018526000480027130000360031933600270035533700540038233800280043638000160046438000270048038500390050738800100054650400220055652100880057865000270066665000180069365000140071165500300072565800300075565800280078571000340081385600980084785600400094554482KOSZ 00520191230101709.0071030s2007 pl f f |000 0 pol a9788301147723 cWA NaWA NdKOSZ 005/HR k2006 a658.5 a005.5 a(075.8)1 aPająk, EdwardeAutor10aZarządzanie produkcją :bprodukt, technologia, organizacja /cEdward Pająk. aWarszawa :bWydawnictwo Naukowe PWN,c2007. a357 s. :brys., wykr. ;c24 cm. 2rdacontentaTekstbtxt 2rdamediaaBez urządzenia pośredniczącegobn 2rdacarrieraWoluminbnc aKsiążki aPublikacje dydaktyczne mPoziom nauczaniaaSzkoły wyższe a2001- aBibliogr. Indeks. aDla studentów uczelni wyższych kierunku zarządzanie i inżynieria produkcji. 4aInżynieria produkcji 4aZarządzanie 4aProdukcja 4aPodręczniki akademickie aZarządzanie i marketing aInżynieria i technika2 aWydawnictwo Naukowe PWN4pbl. uhttp://koha.tu.koszalin.pl/cgi-bin/koha/opac-detail.pl?biblionumber=54482yKatalog online BPK uhttp://libra.ibuk.pl/book/453yIBUK